000 00355nam a2200133Ia 4500
005 20260328104328.0
008 260328s9999||||xx |||||||||||||| ||und||
100 _aRamroth, William G.
245 0 _aProject management for Design Professionals /
_cWilliam G. Ramroth
260 _bKaplan
300 _a286 p.
650 _aDISEÑO INDUSTRIAL
942 _cBK
999 _c11589
_d11589